Rentas municipales
Zapisane w:
| 1. autor: | |
|---|---|
| Format: | Książka |
| Język: | hiszpański |
| Wydane: |
Santiago
Jurídica de Chile
1988
|
| Hasła przedmiotowe: | |
| Etykiety: |
Dodaj etykietę
Nie ma etykietki, Dołącz pierwszą etykiete!
|
MARC
| LEADER | 00000nam a2200000 a 4500 | ||
|---|---|---|---|
| 001 | UCV0822 | ||
| 003 | CL-VaPUC | ||
| 008 | 890509e19880000CL |||||||||||||||||spa|d | ||
| 082 | 0 | 4 | |a 343.06 |b HER |2 21 |
| 100 | |a Herrera Ramírez, Jorge O |e author |9 465687 | ||
| 245 | 1 | 0 | |a Rentas municipales |
| 300 | |a 323 p | ||
| 942 | |c BK | ||
| 945 | |d 19890509 00:00:00 | ||
| 260 | |a Santiago |b Jurídica de Chile |c 1988 | ||
| 650 | 7 | |a FINANZAS MUNICIPALES |2 CL-VaPUC |9 255556 | |
| 650 | 0 | |a Municipalidades |9 255557 | |
| 650 | 0 | |a Impuestos |9 255450 | |
| 650 | 0 | |a Derecho y legislación |9 255077 | |
| 651 | 7 | |a CHILE |2 CL-VaPUC |9 295133 | |
| 583 | |a last modification |c 19890509 00:00:00 |k Rodrigo Vera | ||
| 999 | |c 209016 |d 209014 | ||
| 952 | |0 0 |1 0 |4 0 |6 343_060000000000000_HER_1988 |7 0 |8 A |9 184118 |a BIBDER |b BIBDER |d 2019-11-14 |i 2512785 |o 343.06 HER 1988 |p 2512785 |r 2023-01-25 |w 2019-11-14 |y BK |k DER | ||